ბათუმის შოთა რუსთაველის სახელმწიფო უნივერსიტეტის ბიბლიოთეკა

Современное перевоведение : (ბიბ.ჩანაწერი № 50882)

000 -LEADER
fixed length control field 00961nam a2200229Ia 4500
001 - CONTROL NUMBER
control field 17837
003 - CONTROL NUMBER IDENTIFIER
control field GE_BSU
005 - DATE AND TIME OF LATEST TRANSACTION
control field 20200226120721.0
008 - FIXED-LENGTH DATA ELEMENTS--GENERAL INFORMATION
fixed length control field 181216s2002ru xx |||||||||||||| ||rus||
020 ## - INTERNATIONAL STANDARD BOOK NUMBER
International Standard Book Number 5933860301
040 ## - CATALOGING SOURCE
Transcribing agency GE_BSU
080 ## - UNIVERSAL DECIMAL CLASSIFICATION NUMBER
Universal Decimal Classification number 81'25(07) К-63
100 ## - MAIN ENTRY--PERSONAL NAME
Personal name Комиссаров, В.Н.
9 (RLIN) 7477
245 ## - TITLE STATEMENT
Title Современное перевоведение :
Remainder of title Учебное пособие. /
Statement of responsibility, etc. В.Н. Комиссаров ; Ред. С.Ф.Гончаренко
264 ## - PRODUCTION, PUBLICATION, DISTRIBUTION, MANUFACTURE, AND COPYRIGHT NOTICE
Place of production, publication, distribution, manufacture Москва :
Name of producer, publisher, distributor, manufacturer Изд-во "ЭТС,
Date of production, publication, distribution, manufacture, or copyright notice 2002.
300 ## - PHYSICAL DESCRIPTION
Extent 421 стр.:
Dimensions 22 см.
505 ## - FORMATTED CONTENTS NOTE
Formatted contents note Краткий словарь переводч. терминов стр.407-415. Список научных трудов стр.416-421
653 ## - INDEX TERM--UNCONTROLLED
keyword Современное перевоведение
653 ## - INDEX TERM--UNCONTROLLED
keyword თარგმნის თეორია
700 ## - ADDED ENTRY--PERSONAL NAME
Personal name Гончаренко, С.Ф.
Relator term რედაქტორი
9 (RLIN) 7478
942 ## - ADDED ENTRY ELEMENTS (KOHA)
Koha item type წიგნი
Source of classification or shelving scheme
ეგზემპლარები
Withdrawn status Lost status Source of classification or shelving scheme Damaged status Not for loan Permanent Location Current Location Shelving location Date acquired Full call number Barcode Date last seen Copy number Price effective from Koha item type
          ბათუმის შოთა რუსთაველის სახელმწიფო უნივერსიტეტის მთავარი ბიბლიოთეკა ბათუმის შოთა რუსთაველის სახელმწიფო უნივერსიტეტის მთავარი ბიბლიოთეკა წიგნსაცავი 2018-12-17 81'25(07) К-63 45713 2018-12-17 45713 2018-12-17 წიგნი